Intelligent organisation : (Record no. 20380)

MARC details
000 -LEADER
fixed length control field 00596nam a22001937a 4500
003 - CONTROL NUMBER IDENTIFIER
control field OSt
008 - FIXED-LENGTH DATA ELEMENTS--GENERAL INFORMATION
fixed length control field 240229b2004 |||||||| |||| 00| 0 eng d
020 ## - INTERNATIONAL STANDARD BOOK NUMBER
International Standard Book Number 8174463771
082 ## - DEWEY DECIMAL CLASSIFICATION NUMBER
Classification number 658.402
Item number PAT-I
100 ## - MAIN ENTRY--PERSONAL NAME
Personal name Pattanayak, Biswajeet
245 ## - TITLE STATEMENT
Title Intelligent organisation :
Remainder of title a madmap to success /
Statement of responsibility, etc Biswajeet Pattanayak, Phalgu Niranjana and K Lakshmi.
260 ## - PUBLICATION, DISTRIBUTION, ETC. (IMPRINT)
Place of publication, distribution, etc New Delhi :
Name of publisher, distributor, etc Excel Books ,
Date of publication, distribution, etc 2004.
300 ## - PHYSICAL DESCRIPTION
Extent / Pages viii, 256 p. ;
650 ## - SUBJECT ADDED ENTRY--TOPICAL TERM
Topical term or geographic name as entry element Business management strategy,
650 ## - SUBJECT ADDED ENTRY--TOPICAL TERM
Topical term or geographic name as entry element Organizational development
700 ## - ADDED ENTRY--PERSONAL NAME
Personal name Niranjana, Phalgu
700 ## - ADDED ENTRY--PERSONAL NAME
Personal name Lakshmi, K
942 ## - ADDED ENTRY ELEMENTS (KOHA)
Source of classification or shelving scheme
Koha item type Books
Holdings
Withdrawn status Lost status Source of classification or shelving scheme Damaged status Not for loan Home library Current library Date acquired Currency Cost, normal purchase price Total Checkouts Full call number Barcode Date last seen Copy number Bill Date Koha item type
          SOBD Library SOBD Library 29/02/2024 INR 275.00   658.402 PAT-I1 SD2080 29/02/2024 1 29/02/2024 Books
Hosted, Implemented, Customized & Maintained by: BestBookBuddies

Powered by Koha